000 00394nam a22001697a 4500
003 MPLRDC
005 20220104123751.0
008 210129b ||||| |||| 00| 0 eng d
082 _a857.45 GL v.2
100 _a高旅
245 _a金屑酒. 下
_c
250 _a一版一刷
260 _a
_b花城出版社
_c1986
300 _b
650 _a历史小说
942 _cBK
_o857.45 GL v.2
999 _c14030
_d14020